000
00334nam a2200157Ia 4500
100
_a
Khurmi/R.S
250
_a
10
942
_c
BK
654
_a
physics
245
_a
A text book of Hydraulic Machine
260
_b
S. Chand & co.
_a
New Delhi
_c
1981
082
_a
621.26
_b
KHU
300
_a
630
546
_a
ENGLISH
999
_c
20521
_d
20521